Industrial applications of surface analysis /

Guardado en:
Autores Corporativos: American Chemical Society., American Chemical Society. Division of Industrial and Engineering Chemistry., Symposium on Industrial Applications of Surface Analysis
Otros Autores: Casper, L. A., (Editor , ed.), Powell, Cedric J., 1935-, (Editor , ed.)
Formato: Libro
Idioma:English
Publicado: Washington, D.C. : American Chemical Society, 1982.
Series:ACS symposium series, 199
Materias:
Etiquetas: Agregar Etiqueta
Sin Etiquetas, Sea el primero en etiquetar este registro!
LEADER 01631cam a22003255a 4500
001 EIQ.libpla002170
008 820813s1982####dcua#####b####101#0#eng#d
005 20071127183932.0
245 0 0 |a Industrial applications of surface analysis /  |c Lawrence A. Casper, editor, Cedric J. Powell, editor. 
260 |a Washington, D.C. :  |b American Chemical Society,  |c 1982. 
300 |a viii, 438 p. :  |b il. ;  |c 24 cm. 
440 0 |a ACS symposium series,  |x 0097-6156 ;  |v 199 
500 |a "Based on a symposium jointly sponsored by the Divisions of Industrial and Engineering Chemistry, Colloid and Surface Chemistry, Petroleum Chemistry, and Paper and Textile Chemistry at the 181st Meeting of the American Chemical Society, New York, New York, August 23-28, 1981." 
504 |a Incluye referencias bibliográficas e índice. 
020 |a 0841207356 
700 1 |a Casper, L. A.,  |e ed.  |4 edt 
700 1 |a Powell, Cedric J.,  |d 1935-,  |e ed.  |4 edt 
710 2 |a American Chemical Society. 
710 2 |a American Chemical Society.  |b Division of Industrial and Engineering Chemistry. 
711 2 |a Symposium on Industrial Applications of Surface Analysis  |d (1981 :  |c New York) 
082 0 0 |a 660.2/9453  |2 19 
650 4 |a Superficie (Tecnología)  |x Congresos. 
650 4 |a Superficie (Tecnología)  |x Aplicaciones industriales. 
650 4 |a Superficie (Tecnología)  |x Análisis. 
650 4 |a Surfaces (Technology)  |x Industrial applications. 
650 4 |a Surfaces (Technology)  |x Analysis. 
650 4 |a Surfaces (Technology)  |x Congresses. 
010 |a  82016290  
040 |a DLC  |c DLC  |d AR-BbSID 
859 |a AR-BbSID  |b BIB. PLAPIQUI  |h 660.294 53  |i In 2  |p 949